header

The Discourses. (Record no. 2926)

MARC details
000 -LEADER
fixed length control field 00960nam a2200253Ia 4500
100 0# - MAIN ENTRY--AUTHOR NAME
Personal name Epictetus.
245 14 - TITLE STATEMENT
Title The Discourses.
260 ## - PUBLICATION, DISTRIBUTION, ETC. (IMPRINT)
Place of publication Blacksburg, VA :
Name of publisher Virginia Tech,
Year of publication 2001.
300 ## - PHYSICAL DESCRIPTION
Number of Pages 172 p.
650 #0 - SUBJECT ADDED ENTRY--TOPICAL TERM
Topical Term Ethics
Topical Term Philosophy
856 40 - ELECTRONIC LOCATION AND ACCESS
Uniform Resource Identifier http://site.ebrary.com/lib/rucke/Doc?id=5000667

No items available.

© 2026 Rongo University
Contact us: librarian | system librarian | Rongo university